000 00348nam a22001337a 4500
008 180216b xxu||||| |||| 00| 0 eng d
020 _a9780316102728
041 _aeng
080 _a61
100 _a4
101 _aSHM
245 _aManual of clinical problems in pulmonary medicine with annotated key references
_cBordow,R.A
942 _2udc
_cBK
999 _c42810
_d42810